00296nam a2200121Ia 4500008004100000041000800041082001500049100001900064245002500083260002800108300003100136365000700167240624s9999 xx 000 0 und d aeng a658.82 BUR aBURNETT JOHN J aPROMOTION MANAGEMENT c1999aDelhibA.I.T.B.S. axix, : 743 : p. : cm. ; 26 cRS